00342 a2200109 4500001001000000005001700010008004100027245007700068100001900145773005100164999001700215ART_1885920260410161703.0260409a 10aImpuestos internos. Distintas situaciones tratadas por la jurisprudencia1 aBaldo, Alberto0 tRevista Impuestosg- NÂș 7 (jul. 2011)wREV639 c15399d15399